चंदा बसे आकाशः (Record no. 35055)

MARC details
000 -LEADER
fixed length control field 00967nam a22002297a 4500
005 - DATE AND TIME OF LATEST TRANSACTION
control field 20091211113343.0
008 - FIXED-LENGTH DATA ELEMENTS--GENERAL INFORMATION
fixed length control field 091211t xxu||||| |||| 00| j hin d
010 ## - LCCN (DPL NO)
LC control number HIN-89223
020 ## - INTERNATIONAL STANDARD BOOK NUMBER
International Standard Book Number 8188117056
Terms of availability 150.00
035 ## - SYSTEM CONTROL NUMBER
System control number HN-61569
037 ## - SOURCE OF ACQUISITION
Source of stock number/acquisition DBAD / PUB
040 ## - CATALOGING SOURCE
Original cataloging agency DPL
Language of cataloging HN
082 ## - DEWEY DECIMAL CLASSIFICATION NUMBER
Classification number 822
100 ## - MAIN ENTRY--PERSONAL NAME
Personal name राजानन्द
9 (RLIN) 610
245 ## - TITLE STATEMENT
Title चंदा बसे आकाशः
Statement of responsibility, etc राजानन्द
Remainder of title (दो काव्य नाटक) /
246 ## - VARYING FORM OF TITLE
Title proper/short title Chanda base aakash
Remainder of title by Rajanand
260 ## - PUBLICATION, DISTRIBUTION, ETC. (IMPRINT)
Place of publication, distribution, etc बीकानेर
Name of publisher, distributor, etc रूपान्तर
Date of publication, distribution, etc 2009
270 ## - ADDRESS
Address रत्ताणी व्यासों का चौक
City बीकानेर
Telephone number 529453 (नि)
300 ## - PHYSICAL DESCRIPTION
Extent 96पृ
Dimensions 22सेमी (सजिल्द)
942 ## - ADDED ENTRY ELEMENTS (KOHA)
Source of classification or shelving scheme Dewey Decimal Classification
Item type Hindi Books
Call number suffix राजान्न
Holdings
Withdrawn status Lost status Source of classification or shelving scheme Damaged status Not for loan Collection code Home library Current library Date acquired Source of acquisition Cost, normal purchase price Total Checkouts Full call number Barcode Date last seen Copy number Cost, replacement price Koha item type
    Dewey Decimal Classification   Not For Loan Non-fiction D.B.Act.Division D.B.Act.Division 03/04/2010 DBAD / PUB 150.00   राजान्न HN-61569 03/04/2010 1 150.00 Hindi Books

© Delhi Public Library
Hit Counter
free hit counter